Performance of Women Self Help Groups in Bihar With Special Reference to Saharsa District / (Record no. 42441)

MARC details
000 -LEADER
fixed length control field 00574nam a22002057a 4500
003 - CONTROL NUMBER IDENTIFIER
control field OSt
008 - FIXED-LENGTH DATA ELEMENTS--GENERAL INFORMATION
fixed length control field 240726b |||||||| |||| 00| 0 eng d
082 ## - DEWEY DECIMAL CLASSIFICATION NUMBER
Classification number 305.43
Item number S48P
100 ## - MAIN ENTRY--PERSONAL NAME
Personal name Singh, Kumudini.
245 ## - TITLE STATEMENT
Title Performance of Women Self Help Groups in Bihar With Special Reference to Saharsa District /
Statement of responsibility, etc. by Kumudini Singh
260 ## - PUBLICATION, DISTRIBUTION, ETC. (IMPRINT)
Name of publisher, distributor, etc : RAU
Date of publication, distribution, etc , 2013
Place of publication, distribution, etc .- Pusa, Samastipur
300 ## - PHYSICAL DESCRIPTION
Extent vi,62p.
502 ## - DISSERTATION NOTE
Degree type M.Sc.
650 ## - SUBJECT ADDED ENTRY--TOPICAL TERM
Topical term or geographic name as entry element Agricultural Economics
650 ## - SUBJECT ADDED ENTRY--TOPICAL TERM
Topical term or geographic name as entry element Women
650 ## - SUBJECT ADDED ENTRY--TOPICAL TERM
Topical term or geographic name as entry element Self Help Group
650 ## - SUBJECT ADDED ENTRY--TOPICAL TERM
Topical term or geographic name as entry element Thesis
650 ## - SUBJECT ADDED ENTRY--TOPICAL TERM
Topical term or geographic name as entry element M.Sc.
942 ## - ADDED ENTRY ELEMENTS (KOHA)
Source of classification or shelving scheme
Koha item type Donated Books
Holdings
Withdrawn status Lost status Source of classification or shelving scheme Damaged status Not for loan Home library Current library Date acquired Source of acquisition Full call number Barcode Date last seen Bill Date Koha item type Bill Number
          Dr. Rajendra Prasad Central Agricultural University Pusa, Dr. Rajendra Prasad Central Agricultural University Pusa, 26/07/2024 by Author 305.43 S48P 70024 26/07/2024   Thesis Gift
Hosted, Implemented, Customized & Maintained by: BestBookBuddies

Powered by Koha